Guess All Bluey Episodes (Season 1) - Statistics

General Stats
  • This quiz has been taken 58 times
  • The average score is 20 of 51
Answer Stats
Hint Answer % Correct
1 The Magic Xylophone
89%
3 Keepy Uppy
76%
2 Hospital
72%
5 Shadowlands
61%
4 Daddy Robot
59%
6 BBQ
54%
7 Fruit Bat
52%
16 Calypso
48%
14 Butterflies
43%
8 Horsey Ride
43%
40 Mums and Dads
43%
17 The Doctor
43%
48 Asparagus
41%
42 Camping
41%
39 Early Baby
41%
9 Hotel
41%
19 Markets
41%
51 Verandah Santa
41%
10 Bike
39%
28 The Creek
39%
38 The Sleepover
39%
15 Yoga Ball
39%
11 Bob Bilby
37%
29 Fairies
37%
27 Grannies
37%
22 Shops
37%
25 The Beach
37%
21 The Pool
37%
35 Backpackers
35%
50 Daddy Putdown
35%
44 Kids
35%
26 Pirates
35%
12 Spy Game
35%
24 Taxi
35%
47 Teasing
35%
36 The Adventure
35%
49 Shuan
33%
20 Blue Mountains
30%
31 Bumpy and the Wise Old Wolfhound
30%
45 Chickenrat
30%
37 Copycat
30%
41 Hide and Seek
30%
43 Mount Mumandad
30%
18 The Claw
30%
32 Trampoline
30%
23 Wagonride
30%
34 Zoo
30%
33 The Dump
28%
30 Work
28%
46 Neighbors
20%
13 Takeway
9%
No matching quizzes found
Score Distribution
Percent of People with Each Score
Percentile by Number Answered
Your Score History
You have not taken this quiz